| 000 | 00323nam a22001217a 4500 | ||
|---|---|---|---|
| 999 |
_c4680 _d4680 |
||
| 008 | 250307b ||||| |||| 00| 0 eng d | ||
| 020 | _a9781405495356 | ||
| 082 | _aE FIC SHO | ||
| 100 |
_aSHOSHAN,BETH _eAUTHOR |
||
| 245 | _aCUDDLE | ||
| 260 |
_aQUEEN STREET HOUSE,4 QUEEN SREET,BATH BA1 1HE,UK _bPARRAGON _c2007 |
||
| 942 | _2ddc | ||